| 000 | 00950nam a22002295i 4500 | ||
|---|---|---|---|
| 001 | 53754 | ||
| 003 | ES-MaACL | ||
| 005 | 20231224062921.0 | ||
| 007 | t| | ||
| 008 | 960806s1859 sp a ||||1| spa | ||
| 100 | 1 |
_aFernández y González, Manuel, _d1821-1888 _950183 |
|
| 245 | 1 | 3 |
_aEl condestable D. Álvaro de Luna _b: novela histórica / _coriginal de Manuel Fernández y González ; adornada con 34 grabados. |
| 260 |
_aMadrid : _bImp. y Librería de Gaspar y Roig, _c1859. |
||
| 300 |
_a193 p. : _bil. ; _c28 cm. |
||
| 490 | 1 | _aBiblioteca ilustrada de Gaspar y Roig | |
| 530 | _aDisponible en formato digital. | ||
| 597 | _aTexto a dos columnas. | ||
| 830 | 1 |
_aBiblioteca ilustrada de Gaspar y Roig _9177255 |
|
| 852 |
_aES-MaACL _jG-5938 _z- Legado M. de la Fuente |
||
| 856 |
_uhttp://www.bibliotecavirtualdeandalucia.es/catalogo/es/consulta/registro.do?id=8622 _zBiblioteca Virtual de Andalucía |
||
| 999 |
_c53754 _d53754 |
||